Groups of Things - Television - Statistics

General Stats
  • This quiz has been taken 4,510 times
    4,087 since last reset
  • The average score is 33 of 83
Answer Stats
Group Member % Correct
The Simpsons Family Bart
93%
The Simpsons Family Homer
93%
Main Friends Characters Joey
93%
Main Friends Characters Phoebe
93%
Main Friends Characters Chandler
92%
Main Friends Characters Rachel
92%
Main Friends Characters Ross
92%
The Simpsons Family Marge
91%
Main Friends Characters Monica
91%
The Simpsons Family Lisa
90%
The Simpsons Family Maggie
84%
The Big Three Networks ABC
73%
The Griffins Family Peter
73%
The Griffins Family Stewie
71%
The Big Three Networks NBC
70%
American Idol Judges Simon Cowell
70%
Top Gear versions United States
70%
CSI Shows CSI: Miami
68%
Top Gear versions United Kingdom
68%
Original Star Trek Characters Spock
67%
The Griffins Family Meg
66%
Seinfeld Characters Jerry
65%
The Big Three Networks CBS
63%
The Griffins Family Lois
63%
The Griffins Family Brian
62%
The Tonight Show Hosts Jimmy Fallon
60%
CSI Shows CSI: NY
59%
Main Breaking Bad Characters Walter White
58%
The Tonight Show Hosts Jay Leno
57%
Original Star Trek Characters Captain James T Kirk
56%
Seinfeld Characters Cosmo
55%
CSI Shows CSI: Crime Scene Investigation
55%
American Idol Judges Paula Abdul
55%
Seinfeld Characters Elaine
52%
The Griffins Family Chris
51%
Seinfeld Characters George
51%
American Idol Judges Randy Jackson
45%
Top Gear versions Australia
41%
The Tonight Show Hosts Johnny Carson
41%
Main Breaking Bad Characters Jesse Pinkman
40%
Regional Managers in Scranton Michael Scott
40%
Monty Python John Cleese
37%
The Tonight Show Hosts Conan O'Brien
30%
Main Breaking Bad Characters Skyler White
30%
Regional Managers in Scranton Dwight Schrute
29%
Last 5 Best Drama Award Winners Breaking Bad
27%
The Tonight Show Hosts Jack Paar
27%
Monty Python Eric Idle
25%
Last 5 Best Comedy Award Winners Modern Family
24%
Main Breaking Bad Characters Hank Schrader
22%
Regional Managers in Scranton Andy Bernard
21%
Top Gear versions Russia
21%
Westeros Kingdoms North
20%
Monty Python Michael Palin
18%
Original Star Trek Characters Dr Leonard McCoy
16%
Last 5 Best Comedy Award Winners The Office
14%
Last 5 Best Drama Award Winners Mad Men
13%
Monty Python Terry Gilliam
13%
Westeros Kingdoms Dorne
12%
Regional Managers in Scranton Robert California
12%
Monty Python Terry Jones
11%
CSI Shows CSI: Cyber
10%
The Tonight Show Hosts Steven Allen
9%
Last 5 Best Drama Award Winners The Sopranos
9%
Last 5 Best Comedy Award Winners 30 Rock
7%
Monty Python Graham Chapman
7%
Regional Managers in Scranton Deangelo Vickers
6%
Westeros Kingdoms Reach
6%
Westeros Kingdoms Stormlands
6%
Last 5 Best Comedy Award Winners Arrested Development
5%
Last 5 Best Drama Award Winners Homeland
5%
Top Gear versions South Korea
5%
Last 5 Best Drama Award Winners 24
4%
The DENNIS System Engage physically
4%
The DENNIS System Demonstrate value
3%
The DENNIS System Neglect emotionally
3%
The DENNIS System Nurture dependence
3%
The DENNIS System Separate entirely
3%
Last 5 Best Comedy Award Winners Everybody Loves Raymond
2%
The DENNIS System Inspire hope
2%
Westeros Kingdoms Rock
2%
Westeros Kingdoms Isles and Rivers
1%
Westeros Kingdoms Mountain and the Vale
1%
No matching quizzes found
Score Distribution
Percent of People with Each Score
Percentile by Number Answered
Your Score History
You have not taken this quiz since the last reset